लोड हो रहा है...
Asan Sahithya Prevesika
| मुख्य लेखक: | |
|---|---|
| स्वरूप: | Printed Book |
| भाषा: | Malayalam |
| प्रकाशित: |
Grandakartha
Grandakartha
1989
|
| LEADER | 00456nam a2200121Ia 4500 | ||
|---|---|---|---|
| 008 | 111205s9999 xx 000 0 mal d | ||
| 100 | |a Kamalamma G. | ||
| 245 | |a Asan Sahithya Prevesika |c Kamalamma G. | ||
| 260 | |b Grandakartha |a Grandakartha |c 1989 | ||
| 300 | |a 260 | ||
| 942 | |c BK | ||
| 999 | |c 208874 |d 208874 | ||
| 952 | |0 0 |1 0 |2 ddc |4 0 |6 851_090000000000000_KAM_A |7 0 |9 231064 |a MAL |b MAL |c ST1 |d 2011-12-05 |g 39.00 |l 3 |o 851.09 KAM/A |p MAL24605 |r 2017-05-12 |s 2017-05-11 |v 39.00 |w 2011-12-05 |y BK | ||